[Event "CAN-ch U12"]
[Site "Ottawa"]
[Date "2007.07.04"]
[Round "4"]
[White "Tan, Guang Tong"]
[Black "Han, Yifei"]
[Result "0-1"]
[WhiteElo "1632"]
[BlackElo "1854"]
[PlyCount "64"]
[EventDate "2007.07.03"]
[EventType "swiss"]
[EventRounds "7"]
[EventCountry "CAN"]
[SourceTitle "EXT 2022"]
[Source "ChessBase"]
[SourceDate "2021.10.06"]
[SourceVersion "1"]
[SourceVersionDate "2021.10.06"]
[SourceQuality "1"]

1. e4 e5 2. Nf3 Nc6 3. d4 exd4 4. Nxd4 Nf6 5. Nxc6 bxc6 6. e5 Qe7 7. Qe2 Nd5 8. c4 Nb6 9. b3 g6 10. Bb2 Bg7 11. Nd2 0-0 12. a4 Ba6 13. a5 Nd5 14. g3 Rfe8 15. Nf3 d6 16. Qe4 Nb4 17. Bc3 dxe5 18. Bg2 f5 19. Qe2 e4 20. Nd4 Nd3+ 21. Kf1 c5 22. Nb5 Bxb5 23. Bxg7 Bxc4 24. bxc4 Qxg7 25. Rb1 Rab8 26. Rd1 Qc3 27. Qa2 Rb2 28. Qa4 Reb8 29. Bh3 Rxf2+ 30. Kg1 Qd4 31. Rf1 Rxf1+ 32. Kxf1 Qf2# 0-1